000 00919nam a22002537a 4500
005 20170123162314.0
010 _aB-069936
020 _c25.00
_a8126013532
035 _aB-069936
037 _bCen Lib/Ret
040 _aDPL
_bUR
082 _a840.8
_bا ب د
100 _aجعفر رضا
_9661
245 _aعبدل حلیم شرار :
_cجعفر رضا
_bہندوستانی ادب کے معمار /
246 _aAbdul Halim Sharar : hindustani adab ke maamar /
_bby Abdul Jafar
260 _aنیی دہلی
_bساہتیہ اکادمی
_c1988
270 _bنیی دہلی
_aرویندرا بھوں ٣٥ فیروز شاہ مرگ
_e110001
300 _a143p.
_c20cm(Hb)
650 _aاردو ادب
_9113531
650 _aاردوسوانح عمری
_9108678
650 _aUrdu literature
_9113532
650 _aUrdu boigraphy
_9110954
942 _2ddc
_cUR
_h840.8
_mا ب د
999 _c106584
_d106584